| 000 | 00779nam a22002295i 4500 | ||
|---|---|---|---|
| 001 | 177461 | ||
| 003 | ES-MaACL | ||
| 005 | 20250824212334.0 | ||
| 008 | 110324s1969 sp |||| | spa d | ||
| 080 | _a330.831.4 | ||
| 100 | 1 |
_aMishan, E. J. _9145868 |
|
| 245 | 1 | 0 |
_aEconomía del bienestar / _cE. J. Mishan ; [versión española realizada por José Ramón Álvarez Rendueles]. |
| 260 |
_aMadrid [etc.] : _bRialp, _cimp. 1969. |
||
| 300 |
_a255 p. ; _c24 cm. |
||
| 490 | 1 |
_aLibros de economía ; _v11 |
|
| 504 | _aBibliografía: p. 245-255. | ||
| 650 | 0 | 4 |
_aBienestar social. _910559 |
| 700 | 0 |
_aAlvarez Rendueles, José Ramón. _920929 |
|
| 830 | 0 | 0 |
_aLibros de economía (Rialp) _v11 _9186981 |
| 852 |
_aES-MaACL _jE-14721 _xOlim P-527-bis |
||
| 999 |
_c177461 _d177461 |
||